Ultramicrotomy /

Guardado en:
Autor Principal: Reid, Norma.
Formato: Libro
Idioma:English
Publicado: Amsterdam : North-Holland, 1975.
Edición:1st ed.
Series:Practical methods in electron microscopy ; v. 3, Pte.2
Materias:
Etiquetas: Agregar Etiqueta
Sin Etiquetas, Sea el primero en etiquetar este registro!
LEADER 00734nam a22002055a 4500
001 EIQ.libpla004352
008 060607s1975####ne#ao####b####001#0#eng#d
005 20130313125021.0
245 1 0 |a Ultramicrotomy /  |c Norma Reid. 
250 |a 1st ed. 
260 |a Amsterdam :  |b North-Holland,  |c 1975. 
300 |a 213-353 p. :  |b il., fotos ;  |c 22 cm. 
440 0 |a Practical methods in electron microscopy ;  |v v. 3, Pte.2 
504 |a Incluye referencias bibliográficas e índice. 
020 |a 0720442583 
100 1 |a Reid, Norma. 
650 4 |a Microscopía electrónica  |x Sección delgada 
650 4 |a Electron microscopy  |x Thin section 
040 |a AR-BbSID  |b spa  |c AR-BbSID 
859 |a AR-BbSID  |b BIB. PLAPIQUI  |h 543.085  |i P881  |p 2617  |v 3 Pte.2  |3 Vol. 3 Pte.2